00401nam a2200145Ia 4500003000400000008004100004040001600045082002700061100003000088245005700118260002800175490000500203650001900208650002800227GCL140319s9999 xx 000 0 ara d aGCL / cGCL04aكاسيتb274bا ى1 aالشيخ البربرى10aيا ملك الملك / cالشيخ البربرى a[S.N] : bلا يوجد a04aالاغانى04aشرائط كاسيت